000 00798nam a2200253 a 4500
001 51442
003 BD-RjUL
005 20211209075648.0
008 160831r19501948enka 00100 eng d
035 _a(BD-RjUL)51562
040 _aBD-RjUL
_beng
_cBD-RjUL
_dBD-RjUL
041 _aeng
082 0 0 _a519.2
_bJET 1950
_222
100 1 _aJeffreys, Harold,
_921402
245 1 0 _aTheory of probability /
_c Harold Jeffreys.
250 _a2nd ed.
260 _aOxford :
_bClarendon Press,
_c1948 [Reprinted 1950]
300 _avii, 411 p. :
_bill. ;
_c24 cm.
490 1 _aThe International series of monographs on physics
500 _aIncludes Index
650 0 _aProbabilities.
_9243
830 0 _aInternational series of monographs on physics (Oxford, England) ;
_9153862
942 _2ddc
_cBK
999 _c51442
_d51442